000 00294pam a2200121 a 4500
020 _c
041 _h
100 _aVandana Shiva,
_eAuthor.
245 _aBiopiracy The plunder of Nature & Knowledge
_hTextual Documents
260 _a[s.l]:
_bNatraj Publishers
300 _a148.
930 _a2627
999 _c248478
_d248478